000 00543nam a2200181Ia 4500
005 20250508151637.0
008 008 250505s9999 xx 000 0 eng d
037 _aTextual
040 _aFEDL
_beng
_cFEDL
041 _aeng
_2eng
084 _a313.15, HOL
_qFEDL
100 _aHolzinger Karl J.
_9756291
245 0 _aFactor analysis : A synthesis of factorial methods
260 _aChicago, USA
_bThe University of Chicago Press
_c1941
300 _axii,417p.
942 _cTEXL
_h313.15, HOL
999 _c1331104
_d1331104